000 00431nam a2200169 a 4500
001 0000-9334
003 ELIB.Books
008 110520 1955
035 _a(ELIB.Books)0000-9486
082 _a226.8
_bAll
100 _aAllen, Charles L.
245 _aWhen the Heart is Hungry
260 _bWestwood; Fleming H. Revell Comany
_c1955
650 _aParables
942 _2ddc
_cBK
998 _cbat
_e2011-05-20
999 _c9334
_d9334